Escudos Futebol Brasileiro - Série B - Statistics

Estatísticas Gerais
  • Esse quiz foi jogado 782 vezes
  • A pontuação média é 9 de 9
Estatísticas das Respostas
Imagem Resposta % Correto
Grêmio
100%
Vasco
100%
Bahia
99%
Cruzeiro
99%
Sport
99%
Chapecoense
95%
Londrina
93%
CSA
90%
Sampaio Corrêa
90%
Nenhum quiz correspondente encontrado
Distribuição das Pontuações
Porcentagem de Pessoas com Cada Pontuação
Percentil de Números Respondidos
Sua Pontuação Histórica
Você não jogou esse quiz